03993nam a2200385 a 4500001001000000003000900010005001700019007000300036008004100039040002500080082002300105100005000128245012200178264007200300300002800372336002700400337003300427338002800460505176400488590002802252600004302280650008702323651008902410651008802499651009002587700004202677910003702719942001402756952014602770952014602916952024403062952014003306952014603446999001503592000004462DO-SdBNP20240410111832.0ta090723e1996 dr r 000 0 spa d aDO-SdBNPbspacBNPHU 4a332.112bV145u2221 aValdez Albizu, Héctor,d1947-912322eautor13aUn camino hacia el desarrollo :bconferencias y discursos /cHéctor Valdéz Albizu ; prólogo, Hugo Guilini Cury. aSanto Domingo :bBanco Central de la República Dominicana,c1996. a165 páginas ;c23 cm. 2rdacontentatextobtxt 2rdamediaasin mediaciónbn 2rdacarrieravolumenbnc tDiscurso ante el Comité de Desarrollo del Banco Internacional de Reconstrucción y Fomento Monetario InternacionaltDiscurso puesta en circulación del libro La isla de Santo Domingo antes de Colón /rMarcio Veloz MaggiolotDiscurso con motivo de la celebración del cuadragésimo séptimo aniversario de la institución --tDiscurso ante los miembros de la Cámara Americana de Comercio de la República Dominicana --tDiscurso en ocasión de la inauguración de la Exposición Centenario del Manifiesto de Montecristi --tDiscurso en la quinta sesión plenaria de la Asamblea de Gobernadores del Banco Interamericano de DesarrollotPalabras en ocasión para la apertura de exposición el papel moneda en la sala Yoryi Morel del Centro de la Cultura de Santiago --tDiscurso ante la Asociación de Comerciantes e Industriales de Santiago--tDiscurso en el acto conmemorativo del cuadragésimo octavo aniversario de la institución --tPalabras, en el acto de puesta en circulación de la obra Pertil del Banco Central --tDiscurso ante el Consejo de las Américas--tDisertación ofrecida el 15 de marzo de 1996, ante la Cámara Americana de Comercio de la República Dominicana por el gobernador del Banco Central --tDiscurso en la quinta sesión plenaria del Banco Interamericano de Desarrollo --tPalabras en el acto de celebración del vigésimo primer aniversario del INDOTEC --tPalabras del acto de apertura del Seminario Regional sobre la Implementación del Sistema de Cuentas Nacionales 1993tPalabras en la apertura de la exposición artesanías, manualidades y pinturas para los padres bancentralianostPalabras con motivo del acto de inauguración de la Sala de Filatelia del Museo Numismático y Filatélico. aInventariado, 2024 / MF10aValdez Albizu, Héctor,d1947-912322 4aPolítica monetariazRepública DominicanaxCongresos, conferencias, etc.912336 4aRepública DominicanaxPolítica EconómicaxCongresos, Conferencias, Etc.912065 4aRepública DominicanaxPolítica Y GobiernoxCongresos, Conferencias, Etc.913070 4aRepública DominicanaxCondiciones EconómicasxCongresos, Conferencias, Etc.985471 aGuilini Cury, Hugo,eprólogo913071 aValidado. Control de calidad MFF 2ddccLBS1 00102ddc56708DSaBNPHUbBNPHUcHDd2011-04-14l0oBNPHU DS 332.112 V145up4462-40r2020-06-25te. 4w2020-06-25yLBS1ZPréstamo en sala 00102ddc56708DSaBNPHUbBNPHUcHDd2013-06-03l0oBNPHU DS 332.112 V145up4462-50r2020-06-25te. 5w2020-06-25yLBS1ZPréstamo en sala 00102ddc51708PDaBNPHUbBNPHUcHDd1999-11-23ePerteneció a la biblioteca personal de Germán Emilio Ornes. Dedicadol0oBNPHU PD 332.112 V145up4462-10r2020-06-25w2020-06-25yLBS1zEjemplar autografiado por el autorZNo se presta 00102ddc51708PDaBNPHUbBNPHUcHDd2011-02-11l0oBNPHU PD 332.112 V145up4462-20r2020-06-25te. 2w2020-06-25yLBS1ZNo se presta 00102ddc56708DSaBNPHUbBNPHUcHDd2011-05-30l0oBNPHU DS 332.112 V145up4462-30r2020-06-25te. 3w2020-06-25yLBS1ZPréstamo en sala c4271d4271